000 00288nam a22001337a 4500
008 181016b xxu||||| |||| 00| 0 eng d
020 _a9780072318784
041 _aeng
080 _23 ed
_a579
100 _a11
101 _abio
245 _aMicrobiologgy
_cNester.a
942 _2udc
_cBK
999 _c49805
_d49805